000 00690nam a2200253Ia 4500
003 OSt
005 20220918163203.0
006 a|||||r|||| 00| 0
007 ta
008 220917b |||||||| |||| 00| 0 eng d
020 _a0 1400.3300 9
024 _a35,332
037 _cTextual
040 _aARTS
_cARTS
_beng
041 _2eng
_aeng
082 _aO111973,3:gM85, F4;K4
100 _aLawrence D H
_911838
245 0 _aStudies in classic American literature
260 _aLondon
_bHeinemann UK
_c1964
300 _a168p.
_ccm.
650 _aENGLISH LITERATURE
942 _hO111973,3:gM85, F4;K4
_cTEXL
_2CC
999 _c118290
_d118290